Historias Extraordinarias / (Record no. 16592)

000 -CABECERA
fixed length control field 00616nam a22001817a 4500
003 - IDENTIFICADOR DEL NÚMERO DE CONTROL
control field AR-CdUCM
008 - DATOS DE LONGITUD FIJA--INFORMACIÓN GENERAL
fixed length control field 190304b ||||| |||| 00| 0 spa d
040 ## - FUENTE DE LA CATALOGACIÓN
Agencia/entidad que catalogó originalmente la obra MUNICIPALIDAD PROVINCIAL DEL CUSCO
Entidad que transcribió la catalogación BIBLIOTECA MUNICIPAL DEL CUSCO
082 ## - NÚMERO DE LA CLASIFICACIÓN DECIMAL DEWEY
No. de Clasificación 869.56 /
Notacion interna AL43
100 ## - ENTRADA PRINCIPAL--NOMBRE DE PERSONA
Nombre Personal Allan Poe, Edgar
245 ## - MENCIÓN DE TÍTULO
Título Historias Extraordinarias /
260 ## - PUBLICACIÓN, DISTRIBUCIÓN, ETC.
Lugar de publicación, distribución, etc. Mexico :
Nombre de la editorial, distribuidor, etc. Nacional,
300 ## - DESCRIPCIÓN FÍSICA
Nº de Páginas Extensión 227 páginas
Dimensiones 18cm
505 ## - NOTA DE CONTENIDO CON FORMATO
Nota de contenido formateada Contenido: El misterio de Maria Roget -- El demonio de la perversidad -- El gato negro -- Guillermo Willson...
650 ## - PUNTO DE ACCESO ADICIONAL DE MATERIA--TÉRMINO DE MATERIA
Descriptor Literatura universal
9 (RLIN) 611
942 ## - ELEMENTOS DE PUNTO DE ACCESO ADICIONAL (KOHA)
Fuente de clasificación
Tipo de item Libros-BMC
945 ## - PROCESAMIENTO DE INFORMACIÓN LOCAL (OCLC)
Catalogador wfj
Holdings
Estado de retiro (separado) Fuente de clasificación o esquema de estanterías Estado dañado Ubicación Sala donde se ubica Nombre de la colección Fecha de adquisición o compra Costo, precio normal en soles Signatura topográfica Código de Barras Última vez visto (Koha) Tipo de ítem (Koha)
No     Sala Humanidades Sala Humanidades Book Cart 2019-05-03 40.00 869.56 / AL43 SH0000011683 2019-05-03 Libros-BMC

Powered by Koha